| 000 | 00502nam a2200193Ia 4500 | ||
|---|---|---|---|
| 008 | 151121s9999||||xx |||||||||||||| ||und|| | ||
| 082 | _a813-/बापट | ||
| 082 | _bHNW-58766 | ||
| 100 | _aबापट मुकुंद | ||
| 245 | _aआशा | ||
| 260 | _b"साठे, पुणे।" | ||
| 260 | _c-- | ||
| 300 | _a220 | ||
| 600 | _aबापट मुकुंद | ||
| 630 | _aआशा | ||
| 700 | _aबापट मुकुंद | ||
| 730 | _aआशा | ||
| 942 | _cBOOK | ||
| 999 |
_c1240551 _d1240548 |
||